| 000 | 00614nam a2200193 i 4500 | ||
|---|---|---|---|
| 001 | 57113 | ||
| 003 | ES-MaACL | ||
| 007 | t| | ||
| 008 | 031015s1952 sp ||||1| spa d | ||
| 100 | 1 |
_aDisney, Doris Miles. _944875 |
|
| 245 | 1 | 0 |
_aQuien cabalga un tigre / _cDoris Miles Disney ; [traducción del inglés por C. Sempau]. |
| 260 |
_aBarcelona : _bAymá, _c[1952] ( _fImp. Moderna) |
||
| 300 |
_a264 p. ; _c20 cm. |
||
| 490 | 1 |
_aEl escarabajo de Oro ; _v2 |
|
| 700 | 1 |
_aSempau, Carlos. _9105396 |
|
| 830 | 0 |
_aEl escarabajo de Oro ; _v2 _9186806 |
|
| 852 |
_aES-MaACL _jC-6562 _bR.35154 |
||
| 999 |
_c57113 _d57113 |
||